000 00605nam a2200241 i 4500
001 C2-0257005
003 PPAK
005 20180727224155.0
008 040810s2004 enk |||| ||||| | eng d
020 _a000718185X
040 _aPPAK
_beng
_cPPAK
_erda
082 0 4 _a823
_223
090 0 0 _a823
_bRYA
_dG
100 1 _aRyan, Kevin,
_eauthor
245 1 0 _aVan Helsing
264 1 _aLondon :
_bHarper Collins ,
_c2004
300 _a261 pages ;
_c18 cm
336 _2rdacontent
_atext
337 _2rdamedia
_aunmediated
338 _2rdacarrier
_avolume
650 1 0 _aEnglish fiction
942 _ddc
_cB
999 _c69007
_d69007